| 000 | 01169nam a22003617a 4500 | ||
|---|---|---|---|
| 001 | 0043499 | ||
| 003 | KOHA_MİRAKIL | ||
| 005 | 20260207003352.0 | ||
| 007 | ta | ||
| 008 | 130730b2008 tu |||gr||||#0|||1|tur | | ||
| 020 | _a9789750404535 | ||
| 040 |
_aTR-BiSEU _btur _cTR-BiSEU _erda |
||
| 041 | 0 | _atur | |
| 044 | _ctu | ||
| 050 |
_aPQ7798.16.E72 _bS49 2008 |
||
| 100 | 1 | _aFerrara, Alex.. | |
| 245 | 1 |
_aŞeytan'ın habercisi/ _cAlex. Ferrara ; Alex Ferrara, Jose Levy ; çeviren: Gökçe Çiçek Çetin.. |
|
| 264 | 1 |
_aİstanbul : _bLiteratür Yayıncılık _c2008 |
|
| 300 |
_a312 sayfa ; _c22 cm. |
||
| 336 |
_ametin _btxt _2rdacontent |
||
| 337 |
_aaracısız _bn _2rdamedia |
||
| 338 |
_acilt _bnc _2rdacarrier |
||
| 490 | 1 |
_aLiteratür yayınları ; _v551. |
|
| 490 | 1 |
_a Çağdaş edebiyat ; _v18. |
|
| 650 | 0 |
_aŞeytan--Roman. _981098 |
|
| 650 | 0 |
_aDevil--Fiction. _981099 |
|
| 650 | 0 |
_aArjantin romanı--Türkçeye çeviri. _981100 |
|
| 650 | 0 |
_aArgentine fiction--Translations into Turkish. _981101 |
|
| 830 | 1 |
_aLiteratür yayınları ; _v551. _92210 |
|
| 830 | 1 |
_a Çağdaş edebiyat ; _v18. _975811 |
|
| 907 | _aRoman | ||
| 942 |
_2lcc _cBK |
||
| 999 |
_c43316 _d43316 |
||